| 000 | 00871nam a22003137a 4500 | ||
|---|---|---|---|
| 003 | CHAP | ||
| 005 | 20220329140414.0 | ||
| 008 | 971013s1939 r 00010 d | ||
| 010 | _a51501 | ||
| 011 | _a52473 | ||
| 035 | _a56623 | ||
| 040 | _cCHAP | ||
| 082 |
_a637.2 _bT68 1939 |
||
| 100 | 0 | 0 |
_aTotman, Claire C. _9114359 |
| 245 | _aButter | ||
| 250 | _a4 ed. | ||
| 260 |
_aNew York : _bWiley, _c1939 |
||
| 300 |
_a472 p. _b: ilus. |
||
| 590 |
_aBATCH-UPD _b10 _c20130110 _lUCH01 _h0533 |
||
| 590 |
_aBATCH-UPD _b10 _c20130410 _lUCH01 _h0213 |
||
| 590 |
_aBATCH-UPD _b10 _c20130914 _lUCH01 _h1716 |
||
| 590 |
_aCONVERSION _b10 _c20130109 _lUCH01 _h1328 |
||
| 650 | 1 | 4 |
_aLeche _xAnĂ¡lisis. _965359 |
| 650 | 1 | 4 |
_aMantequilla. _970586 |
| 700 | 0 |
_aMckay, G. L. _973618 |
|
| 901 | _aBK | ||
| 942 | _cLIBRO | ||
| 949 |
_a637.2 T68 1939 _bBC _cBPA _d-123636 _eBPA _h24789 _i56623 _si |
||
| 999 |
_c51501 _d51501 |
||